Socialist Finance (Basic Problems of the Theory and Practice of Finance in Poland) /

में बचाया:
ग्रंथसूची विवरण
मुख्य लेखक: El-Sharkawi, Ahmed Abdel Aziz
निगमित लेखक: The Institute of National Planning
स्वरूप: पुस्तक
भाषा:अंग्रेज़ी
प्रकाशित: Cairo : The Institute of National Planning, 1973.
श्रृंखला:External Notes ؛ 1030.
विषय:
टैग: टैग जोड़ें
कोई टैग नहीं, इस रिकॉर्ड को टैग करने वाले पहले व्यक्ति बनें!

MARC

LEADER 00000nam a22000007a 4500
003 INP
005 20180923184547.0
008 180122s1973 ua ||fr|||| 00| 0 eng d
999 |c 14453.  |d 14453 
040 |a EG-INP  |b eng  |c EG-INP 
082 0 4 |a 338.9  |b م.ذ 1030   |2 21 
100 1 |a El-Sharkawi, Ahmed Abdel Aziz. 
245 1 0 |a Socialist Finance (Basic Problems of the Theory and Practice of Finance in Poland) /   |c Ahmed Abdel Aziz El-Sharkawi ; The Institute of National Planning. 
260 |a Cairo :   |b The Institute of National Planning,   |c 1973. 
300 |a 52 p. ؛   |c 27 cm.  |g included in volume. 
490 2 |a External Notes ؛   |v 1030. 
653 0 |a Socialist Finance. 
653 0 |a Practice of Finance. 
653 0 |a Poland. 
710 2 |a The Institute of National Planning. 
773 0 8 |i عنوان المجلد الرئيسي :   |0 14445.  |t مذكرات معهد التخطيط القومي : 1023 - 1031. 
901 |a EGPV10 
903 |a original 
942 |2 ddc  |c EN